Lo Primero que sale en Wikipedia por Letra - Estadísticas

Estadísticas generales
  • Esta prueba ha sido intentada 87 veces
  • La puntuación promedio es 15 de 29
Estadísticas de respuestas
Letra Página de Wikipedia Tema/Categoría % Correcto
Ch Chile País
88%
I Idioma inglés Idioma
86%
F Francia País
84%
W Wikipedia Enciclopedia en línea
78%
B Brasil País
75%
E Estados Unidos País
72%
J Japón País
70%
C Colombia País
68%
V Venezuela País
68%
A Animalia Reino biológico
64%
P Población Número de individuos en un área determinada
62%
Y YouTube Sitio web
59%
Q Química Ciencia
57%
H Huso Horario Franjas imaginarias que designan la hora
55%
M México País
54%
N Nueva York Ciudad
53%
L Londres Ciudad
51%
S Segunda Guerra Mundial Conflicto bélico
51%
U Unión Soviética País antiguo
50%
R Reino Unido País
38%
X XXXTentacion Rapero
38%
Ll Llorona Leyenda
34%
K Kilómetro Cuadrado Unidad de medida de superficie
32%
O Orden Categoría taxonómica
28%
T Taxonomía Ciencia
25%
G Género (biología) Categoría taxonómica
24%
Ñ Ñuñoa Comuna
12%
D Dirección IP Etiqueta numérica
8%
Z Zea mays Planta
7%
No se encontraron pruebas coincidentes
Distribución de puntuación
Porcentaje de gente con cada puntuación
Porcentaje por número respondido
Historial de tus puntuaciones
No has intentado esta prueba.